SCPs in SCP: Secret Laboratory - Statistics

General Stats
  • This quiz has been taken 331 times
  • The average score is 7 of 13
Answer Stats
Zone that the SCP spawns in / hint for names Answer % Correct
Light Containment Zone 173
91%
Heavy Containment Zone 096
87%
Heavy Containment Zone 049
85%
Heavy Containment Zone (heaviest containment) 106
76%
Heavy Containment Zone 939
73%
Anywhere, is a zombie 049-2
63%
Heavy Containment Zone 079
60%
Can break doors down after being enraged The Shy Guy
32%
Trying to cure the pestilence Plague Doctor
30%
Can move through doors and burrow underground The Old Man
28%
Only moves when people blink The Sculpture
24%
Can only see with sound and can talk to people With Many Voices
14%
Can open doors, lock them, and talk to people Old AI
13%
No matching quizzes found
Score Distribution
Percent of People with Each Score
Percentile by Number Answered
Your Score History
You have not taken this quiz